Budge. Compendio de fisiología humana
Zapisane w:
| 1. autor: | |
|---|---|
| Format: | Książka |
| Język: | hiszpański |
| Wydane: |
Valencia
Librería de Pascual Aguilar, Calle de Caballeros, número 1
1876
|
| Wydanie: | 1a. ed |
| Hasła przedmiotowe: | |
| Etykiety: |
Dodaj etykietę
Nie ma etykietki, Dołącz pierwszą etykiete!
|
MARC
| LEADER | 00000nam a2200000 a 4500 | ||
|---|---|---|---|
| 001 | UCJ8650 | ||
| 003 | CL-VaPUC | ||
| 008 | 070124e18760000SP |||||||||||||||||spa|d | ||
| 082 | 0 | 4 | |a 612 |b AGU |2 21 |
| 100 | 0 | |a Aguilar, Pascual, ed |e author |9 517533 | |
| 245 | 1 | 0 | |a Budge. Compendio de fisiología humana |
| 250 | |a 1a. ed | ||
| 300 | |a 320 p | ||
| 942 | |c BK | ||
| 945 | |d 20070124 00:00:00 |a rinostro | ||
| 260 | |a Valencia |b Librería de Pascual Aguilar, Calle de Caballeros, número 1 |c 1876 | ||
| 600 | 0 | 7 | |a MACRANER Y MARINAS, JULIO |2 CL-VaPUC |9 517534 |
| 650 | 0 | |a Fisiología humana |9 269557 | |
| 583 | |a last modification |c 20070124 00:00:00 |k Rodrigo Vera | ||
| 999 | |c 324320 |d 324318 | ||
| 952 | |0 0 |1 0 |4 0 |6 612_000000000000000_AGU_1876 |7 0 |8 X |9 404410 |a FDOBUD |b FDOBUD |d 2019-11-22 |i 1081780 |o 612 AGU 1876 |p 1081780 |r 2019-11-22 |w 2019-11-22 |y BK_X |k BUD | ||